00982cam a2200241 a 450000100100000000500170001000800410002704000360006808200210010410000790012524500910020425000110029526000310030630000340033749000630037165000250043465000280045983000740048791000280056104900090058995201250059899900170072300001178920200929162551.0840814s1969 sp ad 000 0 spa  aDO-SdBNPbspacCarPdDLCdBNPHU a410bC834t, 19691 aCoseriu, Eugenio.qEugen Coşeriu o Eugeniu Coşeriu,d1921-2002.92789510aTeoría del lenguaje y lingüística general :bcinco estudios /cCoseriu, Eugenio. a2a ed. aMadrid :bGredos,c[1969]. a323 p. :bil., tab. ;c21 cm.1 aBiblioteca Romántica hispánicav61aEstudios y Ensayos 4aLingüistica919041 4aLenguaje y lenguas9407 0aBiblioteca Romántica hispánica ;v61,pEstudios y Ensayos.927896 aCatalogación derivada aBNGR 001052708MOaGRbGRcCTd2009-10-27iLF1l0o410 C834t, 1969p11789-10r2020-06-25w2020-06-25y2ZPréstamo interno c11463d11463